[Event "Sofia MGU op 187th"]
[Site "Sofia"]
[Date "2017.07.08"]
[Round "2"]
[White "Dyakov, Martin"]
[Black "Babatov, Martin"]
[Result "1-0"]
[WhiteElo "2049"]
[BlackElo "1771"]
[PlyCount "97"]
[EventDate "2017.07.08"]
[EventType "swiss"]
[EventRounds "6"]
[EventCountry "BUL"]
[SourceTitle "CBM 179 Extra"]
[Source "ChessBase"]
[SourceDate "2017.08.23"]
[SourceVersion "1"]
[SourceVersionDate "2017.08.23"]
[SourceQuality "1"]

1. c4 c6 2. Nf3 Nf6 3. g3 g6 4. Bg2 Bg7 5. 0-0 0-0 6. d4 d5 7. cxd5 cxd5 8. Nc3 Nc6 9. Ne5 e6 10. Nxc6 bxc6 11. Na4 Nd7 12. f4 Rb8 13. Be3 Bb7 14. Bf2 f5 15. Qc2 Ba8 16. Rfc1 Qa5 17. b3 Qb5 18. e3 Rfc8 19. Bf1 Qa5 20. Be1 Qc7 21. b4 Qd6 22. Rab1 Qe7 23. b5 cxb5 24. Qxc8+ Rxc8 25. Rxc8+ Nf8 26. Bxb5 Qa3 27. Rxa8 Qxe3+ 28. Bf2 Qd2 29. Rb2 Qd1+ 30. Kg2 Bxd4 31. Be2 Qxa4 32. Bxd4 Qxd4 33. Rbb8 Qe4+ 34. Bf3 Qc2+ 35. Kh3 Qd1 36. Rxf8+ Kg7 37. Rg8+ Kh6 38. Kh4 Qf1 39. Bh5 gxh5 40. Raf8 Qa1 41. Rg5 Qb2 42. h3 a5 43. Rf7 Qh8 44. a4 Qd8 45. g4 hxg4 46. hxg4 fxg4 47. Kxg4 e5 48. Rh5+ Kg6 49. Rfxh7 1-0

[Event "Ruse Cup 1st"]
[Site "Ruse"]
[Date "2017.05.01"]
[Round "7"]
[White "Dyakov, Martin"]
[Black "Dzanev, Georgi"]
[Result "1-0"]
[WhiteElo "2017"]
[BlackElo "1990"]
[PlyCount "119"]
[EventDate "2017.04.29"]
[EventType "swiss"]
[EventRounds "7"]
[EventCountry "BUL"]
[SourceTitle "CBM 178 Extra"]
[Source "ChessBase"]
[SourceDate "2017.06.22"]
[SourceVersion "1"]
[SourceVersionDate "2017.06.22"]
[SourceQuality "1"]

1. e4 c5 2. Nf3 Nc6 3. Bb5 g6 4. 0-0 Bg7 5. Re1 e5 6. Bxc6 dxc6 7. b3 Ne7 8. Bb2 Qc7 9. d3 b6 10. Nbd2 a5 11. a4 0-0 12. Nc4 f6 13. Qe2 Ba6 14. Bc3 Rad8 15. Qd2 Bxc4 16. bxc4 Nc8 17. Rab1 Rd7 18. Qe3 Rfd8 19. Nh4 Rf7 20. g3 Rdd7 21. Kg2 Qd8 22. h3 Qc7 23. f4 Bh6 24. Rf1 Rd8 25. Qf3 Rdf8 26. Qg4 Bg7 27. f5 g5 28. Nf3 Bh8 29. Rh1 h6 30. h4 Rh7 31. hxg5 hxg5 32. Rxh7 Qxh7 33. Rh1 Qg7 34. Qh5 Rf7 35. Nh2 Re7 36. Ng4 Qh7 37. Nh6+ Kf8 38. Qd1 Bg7 39. Ng4 Qg8 40. Rh2 Ke8 41. Bxe5 Rxe5 42. Nxe5 fxe5 43. Qh5+ Qf7 44. Qxg5 Bf6 45. Qh6 Nd6 46. g4 Qe7 47. Rh5 Nf7 48. Qg6 b5 49. cxb5 cxb5 50. axb5 a4 51. Qg8+ Qf8 52. Qxf8+ Kxf8 53. Rh1 c4 54. Ra1 Nd6 55. dxc4 Nxc4 56. Rxa4 Nb6 57. Ra6 Bd8 58. g5 Nc4 59. Ra8 Ke7 60. g6 1-0

[Event "Sofia MGU op 179th"]
[Site "Sofia"]
[Date "2017.01.15"]
[Round "4"]
[White "Dyakov, Martin"]
[Black "Georgiev, Nikolay"]
[Result "1-0"]
[WhiteElo "2030"]
[BlackElo "1623"]
[PlyCount "41"]
[EventDate "2017.01.14"]
[EventType "swiss"]
[EventRounds "6"]
[EventCountry "BUL"]
[SourceTitle "CBM 176 Extra"]
[Source "ChessBase"]
[SourceDate "2017.03.02"]
[SourceVersion "1"]
[SourceVersionDate "2017.03.02"]
[SourceQuality "1"]

1. e4 e5 2. Nf3 Nc6 3. Bb5 Bc5 4. 0-0 Nf6 5. c3 Nxe4 6. d4 exd4 7. cxd4 Be7 8. d5 Nb4 9. a3 Na6 10. Re1 Nd6 11. Bxa6 bxa6 12. Qe2 f6 13. Bf4 Kf7 14. Nc3 Re8 15. Nd4 Bb7 16. Qh5+ Kg8 17. Re3 Bf8 18. Rh3 h6 19. Qg6 Kh8 20. Bxh6 gxh6 21. Rg3 1-0

[Event "Pleven op 3rd"]
[Site "Pleven"]
[Date "2016.10.08"]
[Round "3"]
[White "Dyakov, Martin"]
[Black "Nanovski, Stiliyan"]
[Result "1-0"]
[WhiteElo "2034"]
[BlackElo "1710"]
[PlyCount "37"]
[EventDate "2016.10.07"]
[EventType "swiss"]
[EventRounds "7"]
[EventCountry "BUL"]
[SourceTitle "EXT 2017"]
[Source "ChessBase"]
[SourceDate "2016.10.25"]
[SourceVersion "1"]
[SourceVersionDate "2016.10.25"]
[SourceQuality "1"]

1. e4 c6 2. d4 d5 3. Nc3 dxe4 4. Nxe4 Nd7 5. Nf3 Ngf6 6. Nxf6+ Nxf6 7. g3 Bg4 8. Bg2 e6 9. 0-0 Be7 10. h3 Bh5 11. c3 0-0 12. Qe2 Nd5 13. c4 Nb6 14. Rd1 Bf6 15. Bf4 Qe7 16. g4 Bg6 17. g5 Bh5 18. gxf6 Qxf6 19. Be5 1-0

[Event "Sofia MGU op 169th"]
[Site "Sofia"]
[Date "2016.06.25"]
[Round "2"]
[White "Kostov, Nikolai"]
[Black "Dyakov, Martin"]
[Result "0-1"]
[WhiteElo "1709"]
[BlackElo "2057"]
[PlyCount "60"]
[EventDate "2016.06.25"]
[EventType "swiss"]
[EventRounds "6"]
[EventCountry "BUL"]
[SourceTitle "CBM 173 Extra"]
[Source "ChessBase"]
[SourceDate "2016.08.29"]
[SourceVersion "1"]
[SourceVersionDate "2016.08.29"]
[SourceQuality "1"]

1. d4 e6 2. c4 Nf6 3. Nf3 Bb4+ 4. Bd2 Qe7 5. a3 Bxd2+ 6. Qxd2 0-0 7. Nc3 d6 8. e4 e5 9. Be2 exd4 10. Qxd4 Nc6 11. Qd3 Bg4 12. Nd5 Nxd5 13. cxd5 Bxf3 14. gxf3 Ne5 15. Qe3 c5 16. f4 Ng6 17. h4 Rae8 18. h5 Qxe4 19. Qxe4 Rxe4 20. hxg6 Rfe8 21. gxh7+ Kh8 22. 0-0-0 Rxe2 23. Rd2 Re1+ 24. Rd1 Rxh1 25. Rxh1 Re4 26. Kd2 Rxf4 27. Ke3 Rd4 28. Rh5 g6 29. Rh6 Rxd5 30. f4 Rh5 0-1